| 000 | 01353cam a2200349 a 4500 | ||
|---|---|---|---|
| 001 | 014558566 | ||
| 003 | EG-ScBUE | ||
| 005 | 20220321111015.0 | ||
| 008 | 070908r20112008enkb f b 001 0beng d | ||
| 020 | _a1851685499 | ||
| 020 | _a9781851685493 | ||
| 040 |
_aEG-ScBUE _beng _erda _cEG-ScBUE _dEG-ScBUE |
||
| 082 | 0 | 4 |
_a891.5511 _222 _bLEW |
| 100 | 1 |
_aLewis, Franklin, _d1961- _eauthor. _933577 |
|
| 245 | 1 | 0 |
_aRumi : _bpast and present, east and west : the life, teaching, and poetry of Jalâl Al-Din Rumi / _cFranklin D. Lewis. |
| 250 | _aReprint edition. | ||
| 264 | 1 |
_aOxford : _bOneworld Publications Limited, _c2011. |
|
| 300 |
_axxxi, 686 pages : _bmaps ; _c23 cm |
||
| 336 |
_2rdacontent _atext _btxt |
||
| 337 |
_2rdamedia _aunmediated _bn |
||
| 338 |
_2rdacarrier _avolume _bnc |
||
| 504 | _aIncludes bibliographical references and index. | ||
| 600 | 0 | 7 |
_aJalāl al-Dīn Rūmī, _cMaulana, _d1207-1273. _2BUEsh _933578 |
| 600 | 0 | 7 |
_aJalāl al-Dīn Rūmī, _cMaulana, _d1207-1273 _vTranslations into English. _2BUEsh _933579 |
| 600 | 0 | 7 |
_aJalāl al-Dīn Rūmī, _cMaulana, _d1207-1273 _xTranslations into English. _2BUEsh _933580 |
| 650 | 7 |
_aPoets, Persian _y747-1500 _vBiography. _933581 _2BUEsh |
|
| 650 | 7 |
_aSufis _vBiography. _933582 _2BUEsh |
|
| 651 | _2BUEsh | ||
| 653 |
_cSeptember2013 _bGGEN |
||
| 655 |
_vReading book _934232 |
||
| 942 |
_2ddc _cBB |
||
| 999 |
_c17508 _d17480 |
||